Germany Squad FIFA World Cup 2022 Football / Soccer - Statistics

General Stats
  • This quiz has been taken 291 times
  • The average score is 19 of 27
Answer Stats
Pos # Club Answer % Correct
GK 1 Bayern München Manuel Neuer
99%
GK 22 FC Barcelona Marc-André ter Stegen
96%
DF 2 Real Madrid Antonio Rüdiger
94%
MF 6 Bayern München Joshua Kimmich
92%
GK 12 Eintracht Frankfurt Kevin Trapp
86%
FW 7 Chelsea London Kai Havertz
85%
MF 13 Bayern München Thomas Müller
85%
MF 8 Bayern München Leon Goretzka
83%
MF 21 Manchester City Ilkay Gündogan
82%
MF 19 Bayern München Leroy Sané
81%
MF 14 Bayern München Jamal Musiala
78%
MF 10 Bayern München Serge Gnabry
77%
DF 15 Borussia Dortmund Niklas Süle
74%
FW 9 Werder Bremen Niclas Füllkrug
66%
Coach --- --- Hansi Flick
65%
DF 23 Borussia Dortmund Nico Schlotterbeck
63%
DF 3 RB Leipzig David Raum
60%
MF 17 Borussia Dortmund Julian Brandt
59%
MF 11 Eintracht Frankfurt Mario Götze
58%
DF 4 SC Freiburg Matthias Ginter
58%
DF 5 West Ham United Thilo Kehrer
56%
DF 16 RB Leipzig Lukas Klostermann
53%
FW 24 Borussia Dortmund Karim Adeyemi
52%
FW 26 Borussia Dortmund Youssoufa Moukoko
48%
DF 25 FC Southampton Armel Bella Kotchap
41%
MF 18 Borussia Mönchengladbach Jonas Hofmann
41%
DF 20 SC Freiburg Christian Günter
37%
No matching quizzes found
Score Distribution
Percent of People with Each Score
Percentile by Number Answered
Your Score History
You have not taken this quiz